[Event "Munich Laimer op 2nd"]
[Site "Munich"]
[Date "2023.05.28"]
[Round "4"]
[White "Senthil, Maran K"]
[Black "Hassemeier, Mika"]
[Result "1-0"]
[WhiteElo "2135"]
[BlackElo "2070"]
[PlyCount "133"]
[EventDate "2023.05.26"]
[EventType "swiss"]
[EventRounds "9"]
[EventCountry "GER"]
[SourceTitle "CBM 214 Extra"]
[Source "ChessBase"]
[SourceDate "2023.07.31"]
[SourceVersion "1"]
[SourceVersionDate "2023.07.31"]
[SourceQuality "1"]

1. d4 Nf6 2. c4 e6 3. g3 d5 4. Bg2 Be7 5. Nf3 0-0 6. Qc2 c5 7. dxc5 Qa5+ 8. Bd2 Qxc5 9. Na3 Nc6 10. cxd5 Qxc2 11. Nxc2 Nxd5 12. 0-0 Bf6 13. Rab1 Rd8 14. Bg5 Bxg5 15. Nxg5 b6 16. Rfd1 Bb7 17. Bxd5 Rxd5 18. Rxd5 exd5 19. Nf3 f6 20. Ncd4 Nxd4 21. Nxd4 g6 22. f4 Rc8 23. Kf2 Kf7 24. Ke3 Ke7 25. g4 Re8 26. Kd2 Bc8 27. Rg1 Bd7 28. g5 fxg5 29. Rxg5 Kd6 30. h4 Rf8 31. e3 Rf6 32. Nf3 Bf5 33. Rg1 Rf8 34. Nd4 Bd7 35. Rc1 a6 36. Rh1 Bg4 37. Rc1 Bd7 38. Nf3 Rc8 39. Rh1 Bf5 40. Nd4 Bg4 41. a3 Rf8 42. Rg1 h5 43. Rc1 Rc8 44. Rxc8 Bxc8 45. Kc3 Bg4 46. Kb4 Bd1 47. a4 Bg4 48. a5 Kc7 49. Nb3 Kc6 50. axb6 Kxb6 51. Kc3 Bd1 52. Nc1 Bg4 53. Kd4 Bf3 54. Na2 a5 55. Nc3 Kc6 56. Na2 Be4 57. Nc1 Kd6 58. Nb3 a4 59. Nd2 Bg2 60. Nb1 Be4 61. Nc3 Bf5 62. Nxa4 Bd7 63. Nc3 Bc6 64. b4 Ba8 65. b5 Bb7 66. Na4 Bc8 67. Nc5 1-0

[Event "GER-chT Lands U20"]
[Site "Wiesbaden"]
[Date "2022.10.03"]
[Round "5.4"]
[White "Hassemeier, Mika"]
[Black "Stork, Oliver"]
[Result "0-1"]
[WhiteElo "2095"]
[BlackElo "2315"]
[PlyCount "62"]
[EventDate "2022.09.30"]
[EventType "team-swiss"]
[EventRounds "7"]
[EventCountry "GER"]
[SourceTitle "CBM 210 Extra"]
[Source "ChessBase"]
[SourceDate "2022.11.30"]
[SourceVersion "1"]
[SourceVersionDate "2022.11.30"]
[SourceQuality "1"]
[WhiteTeam "Sachsen U20"]
[BlackTeam "Hessen U20"]
[WhiteTeamCountry "GER"]
[BlackTeamCountry "GER"]

1. d4 d5 2. c4 e6 3. Nc3 a6 4. cxd5 exd5 5. Qb3 c5 6. Qxd5 cxd4 7. Qxd8+ Kxd8 8. Ne4 Nc6 9. Bd2 Bf5 10. Ng3 Bg6 11. a3 Nf6 12. Nf3 Bc5 13. Nh4 Re8 14. Nxg6 hxg6 15. 0-0-0 Kc7 16. h4 a5 17. Kb1 b5 18. Rc1 Kb6 19. f3 Ne5 20. Bg5 Nd5 21. Ne4 Bf8 22. Rd1 Nc6 23. h5 Re6 24. g3 f5 25. Nf2 a4 26. Nd3 b4 27. Nxb4 Bxb4 28. axb4 a3 29. e4 a2+ 30. Ka1 Ndxb4 31. Rh2 Na5 0-1

[Event "GER-ch U18"]
[Site "Willingen"]
[Date "2022.06.05"]
[Round "1"]
[White "Fromm, Marius"]
[Black "Hassemeier, Mika"]
[Result "1-0"]
[WhiteElo "2336"]
[BlackElo "2177"]
[PlyCount "89"]
[EventDate "2022.06.04"]
[EventType "swiss"]
[EventRounds "9"]
[EventCountry "GER"]
[SourceTitle "CBM 208 Extra"]
[Source "ChessBase"]
[SourceDate "2022.07.31"]
[SourceVersion "1"]
[SourceVersionDate "2022.07.31"]
[SourceQuality "1"]

1. e4 c5 2. Nf3 d6 3. d4 cxd4 4. Nxd4 Nf6 5. Nc3 Nc6 6. Bg5 e6 7. Qd2 a6 8. 0-0-0 Bd7 9. f4 b5 10. Bxf6 gxf6 11. Kb1 Qb6 12. Nxc6 Bxc6 13. f5 b4 14. Ne2 e5 15. Ng3 Qc5 16. Nh5 Be7 17. Bd3 0-0-0 18. Qe2 d5 19. exd5 Bxd5 20. Ng3 Kc7 21. Ne4 Bxe4 22. Bxe4 Rxd1+ 23. Rxd1 Rd8 24. Rc1 Bf8 25. Qxa6 Qb6 26. Qc4+ Kb8 27. Qxf7 Bh6 28. Re1 Rd4 29. Qg8+ Qd8 30. Qg4 Bd2 31. Rf1 Bc3 32. Qe2 Qb6 33. Bd3 Qc5 34. bxc3 bxc3 35. Ka1 e4 36. Bxe4 Rb4 37. Rd1 Rb2 38. Bd5 Qb4 39. Qe8+ Kc7 40. Qc6+ Kb8 41. Qa8+ Kc7 42. Qa7+ Kd6 43. Be6+ Ke5 44. Qe3+ Qe4 45. Rd5# 1-0

[Event "GER-chT U16"]
[Site "Willingen"]
[Date "2021.06.26"]
[Round "6.8"]
[White "Wang, Xinyuan1111"]
[Black "Hassemeier, Mika"]
[Result "1-0"]
[WhiteElo "1759"]
[BlackElo "2072"]
[PlyCount "55"]
[EventDate "2021.06.23"]
[EventType "team-swiss"]
[EventRounds "7"]
[EventCountry "GER"]
[SourceTitle "CBM 203 Extra"]
[Source "ChessBase"]
[SourceDate "2021.09.30"]
[SourceVersion "1"]
[SourceVersionDate "2021.09.30"]
[SourceQuality "1"]
[WhiteTeam "Karlsruhe SF"]
[BlackTeam "Hoyerswerda"]
[WhiteTeamCountry "GER"]
[BlackTeamCountry "GER"]

1. d4 g6 2. c4 Bg7 3. Nc3 d6 4. e4 Nc6 5. Be3 e5 6. Nge2 exd4 7. Nxd4 Nge7 8. Qd2 0-0 9. Be2 f5 10. exf5 Bxd4 11. Bxd4 Nxf5 12. Be3 Nxe3 13. Qxe3 Qf6 14. 0-0 Bf5 15. Qd2 Rae8 16. Bf3 Ne5 17. Bxb7 Nxc4 18. Bd5+ Be6 19. Qc2 Ne5 20. Rae1 Qh4 21. Bxe6+ Kh8 22. Bb3 Ng4 23. h3 Rxe1 24. Rxe1 Rxf2 25. Re8+ Kg7 26. Rg8+ Kh6 27. Qc1+ g5 28. hxg4 1-0

[Event "GER-chT U16"]
[Site "Willingen"]
[Date "2021.06.26"]
[Round "5.8"]
[White "Weishaeutel, Moritz"]
[Black "Hassemeier, Mika"]
[Result "1/2-1/2"]
[WhiteElo "2207"]
[BlackElo "2072"]
[PlyCount "111"]
[EventDate "2021.06.23"]
[EventType "team-swiss"]
[EventRounds "7"]
[EventCountry "GER"]
[SourceTitle "CBM 203 Extra"]
[Source "ChessBase"]
[SourceDate "2021.09.30"]
[SourceVersion "1"]
[SourceVersionDate "2021.09.30"]
[SourceQuality "1"]
[WhiteTeam "Erfurt SK"]
[BlackTeam "Hoyerswerda"]
[WhiteTeamCountry "GER"]
[BlackTeamCountry "GER"]

1. e4 c6 2. d4 g6 3. Nc3 d5 4. Nf3 dxe4 5. Nxe4 Nf6 6. Nxf6+ exf6 7. Bc4 Bg7 8. 0-0 0-0 9. c3 a5 10. a4 Nd7 11. Re1 Nb6 12. Bb3 Nd5 13. c4 Nb4 14. d5 cxd5 15. cxd5 b6 16. d6 Ba6 17. Re3 Ra7 18. Rc3 Rd7 19. Bf4 g5 20. Bg3 f5 21. Be5 g4 22. Bxg7 Kxg7 23. Nd4 Qf6 24. Qd2 Kg6 25. Qf4 Rfd8 26. Nc2 Qxd6 27. Qxd6+ Rxd6 28. Nxb4 axb4 29. Rc7 R8d7 30. Rac1 Bb7 31. h3 Be4 32. Rxd7 Rxd7 33. Rc4 gxh3 34. gxh3 Rd3 35. Rxb4 Rxh3 36. Rxb6+ Kg5 37. Kf1 f6 38. a5 h5 39. a6 Kf4 40. Ke1 h4 41. Rb4 Rh1+ 42. Ke2 Ra1 43. f3 h3 44. fxe4 fxe4 45. Bd5 f5 46. Rb3 h2 47. Rh3 Rxa6 48. Rxh2 Ra5 49. Bc4 Ra4 50. Bg8 Ra8 51. Bh7 Rb8 52. Rf2+ Ke5 53. Ke1 f4 54. Rc2 Rb4 55. Re2 f3 56. Rxe4+ 1/2-1/2

[Event "GER-chT U16"]
[Site "Willingen"]
[Date "2021.06.24"]
[Round "2.6"]
[White "Burgtorf, Benjamin"]
[Black "Hassemeier, Mika"]
[Result "0-1"]
[WhiteElo "1773"]
[BlackElo "2072"]
[PlyCount "76"]
[EventDate "2021.06.23"]
[EventType "team-swiss"]
[EventRounds "7"]
[EventCountry "GER"]
[SourceTitle "CBM 203 Extra"]
[Source "ChessBase"]
[SourceDate "2021.09.30"]
[SourceVersion "1"]
[SourceVersionDate "2021.09.30"]
[SourceQuality "1"]
[WhiteTeam "Blankenese"]
[BlackTeam "Hoyerswerda"]
[WhiteTeamCountry "GER"]
[BlackTeamCountry "GER"]

1. d4 Nf6 2. c4 e6 3. Nc3 Bb4 4. Qc2 c5 5. dxc5 Na6 6. a3 Bxc3+ 7. Qxc3 Nxc5 8. f3 d6 9. Bg5 b6 10. Rd1 Qe7 11. Qd4 Nb7 12. e4 e5 13. Qe3 Be6 14. Bd3 Na5 15. Ne2 Nxc4 16. Bxc4 Bxc4 17. 0-0 0-0 18. f4 Bxe2 19. Qxe2 exf4 20. Bxf4 Qxe4 21. Qxe4 Nxe4 22. Bxd6 Rfe8 23. Bf4 Re7 24. a4 g6 25. Rd5 Rc8 26. Be5 f5 27. h3 Rc5 28. Rd8+ Kf7 29. Bd4 Rc2 30. Ra1 Ng3 31. Bf2 Ne2+ 32. Kh1 Rxb2 33. a5 bxa5 34. Rxa5 Nf4 35. Bxa7 Re1+ 36. Bg1 Rbb1 37. Ra7+ Kf6 38. Rf8+ Ke5 0-1

[Event "GER-ch Net Amateur Gr-A Final"]
[Site "Playchess.com INT"]
[Date "2020.04.18"]
[Round "1"]
[White "Wichmann, Cliff"]
[Black "Hassemeier, Mika"]
[Result "1-0"]
[WhiteElo "2155"]
[BlackElo "2023"]
[PlyCount "77"]
[EventDate "2020.04.18"]
[EventType "swiss (blitz)"]
[EventRounds "13"]
[EventCountry "GER"]
[SourceTitle "CBM 195 Extra"]
[Source "ChessBase"]
[SourceDate "2020.05.31"]
[SourceVersion "1"]
[SourceVersionDate "2020.05.31"]
[SourceQuality "1"]

1. d4 Nf6 2. Nf3 g6 3. c4 Bg7 4. Nc3 0-0 5. e4 d6 6. Be2 e5 7. Be3 Nc6 8. d5 Ne7 9. Nd2 Ne8 10. c5 f5 11. f3 Nf6 12. b4 f4 13. Bf2 a5 14. a3 g5 15. Nc4 axb4 16. axb4 Rxa1 17. Qxa1 g4 18. cxd6 cxd6 19. Qa5 Qe8 20. Nxd6 Qh5 21. Qc7 g3 22. Bg1 Qh3 23. Bf1 Qd7 24. Qxd7 Nxd7 25. hxg3 fxg3 26. Be3 Ng6 27. Bb5 Nf6 28. Ne2 Bd7 29. Bxd7 Nxd7 30. Nxg3 Nf4 31. 0-0 Rf6 32. Ngf5 Rg6 33. Ne7+ Kf8 34. Nxg6+ Nxg6 35. Nf5 Bf6 36. Rc1 Nf4 37. Rc7 Ke8 38. Bxf4 exf4 39. Rxb7 1-0

[Event "GER-ch Net Amateur Gr-A Vor3"]
[Site "Playchess.com INT"]
[Date "2020.04.16"]
[Round "1"]
[White "Hassemeier, Mika"]
[Black "Gley, Reinhard"]
[Result "1/2-1/2"]
[WhiteElo "1975"]
[BlackElo "1695"]
[PlyCount "125"]
[EventDate "2020.04.16"]
[EventType "swiss (blitz)"]
[EventRounds "9"]
[EventCountry "GER"]
[SourceTitle "CBM 195 Extra"]
[Source "ChessBase"]
[SourceDate "2020.05.31"]
[SourceVersion "1"]
[SourceVersionDate "2020.05.31"]
[SourceQuality "1"]

1. d4 e6 2. c4 f5 3. Nc3 Nf6 4. g3 d5 5. Bg2 c6 6. Nf3 Bb4 7. 0-0 0-0 8. Qc2 Nbd7 9. Bf4 h6 10. h4 Ng4 11. a3 Be7 12. cxd5 exd5 13. Rae1 g5 14. hxg5 hxg5 15. Bc1 Kg7 16. Bh3 Bf6 17. Qxf5 Nde5 18. Qc2 Nxf3+ 19. exf3 Nh6 20. Bg2 Bf5 21. Qd1 Qb6 22. Na4 Qxd4 23. Be3 Qxd1 24. Rxd1 Bc2 25. Nc3 Bxd1 26. Rxd1 Nf5 27. g4 Nxe3 28. fxe3 Rae8 29. Kf2 b5 30. Rd2 a5 31. Ne2 Re7 32. Ng3 Kf7 33. Nf5 Re5 34. Bf1 Rd8 35. Nd4 Rd6 36. Nf5 Rde6 37. Bd3 b4 38. axb4 axb4 39. Rc2 Ke8 40. Nd4 Rd6 41. Nxc6 Ree6 42. Nd4 Bxd4 43. exd4 Ke7 44. Rc7+ Kf6 45. Rb7 Rb6 46. Rd7 Red6 47. Rh7 b3 48. Rh6+ Ke7 49. Rh5 Rb4 50. Ke3 Re6+ 51. Kd2 Rxd4 52. Rxg5 Kd6 53. Kc3 Rf4 54. Rf5 Rxf5 55. Bxf5 Re3+ 56. Kb4 Rxf3 57. Kb5 Ke5 58. Kb4 Rg3 59. Bc8 Kd4 60. Bf5 Ke5 61. Bc8 Kf4 62. Be6 Ke5 63. Bc8 1/2-1/2

[Event "GER-ch Net Amateur Gr-A Vor3"]
[Site "Playchess.com INT"]
[Date "2020.04.16"]
[Round "8"]
[White "Stangl, Anita"]
[Black "Hassemeier, Mika"]
[Result "0-1"]
[WhiteElo "1836"]
[BlackElo "1957"]
[PlyCount "126"]
[EventDate "2020.04.16"]
[EventType "swiss (blitz)"]
[EventRounds "9"]
[EventCountry "GER"]
[SourceTitle "CBM 195 Extra"]
[Source "ChessBase"]
[SourceDate "2020.05.31"]
[SourceVersion "1"]
[SourceVersionDate "2020.05.31"]
[SourceQuality "1"]

1. e4 c6 2. d4 d5 3. e5 g6 4. Bd3 h5 5. Nf3 Nh6 6. c3 Bg4 7. 0-0 e6 8. h3 Bxf3 9. Qxf3 h4 10. Bf4 Nf5 11. Qg4 Nd7 12. Nd2 Be7 13. Nf3 Qc7 14. Bg5 Bxg5 15. Qxg5 Rh5 16. Qf4 0-0-0 17. Bxf5 exf5 18. Nxh4 g5 19. Qxf5 Rxh4 20. Qxg5 Re4 21. Rae1 Rxe1 22. Rxe1 Nf8 23. f4 Ne6 24. Qg4 c5 25. f5 Nf8 26. e6 Re8 27. Re5 cxd4 28. cxd4 fxe6 29. fxe6 Qd6 30. e7+ Nd7 31. Re6 Qb4 32. Qg5 Qxd4+ 33. Kh2 Qh8 34. Qxd5 Qg7 35. Qd6 Qxb2 36. Re4 Qxa2 37. Re3 Qc4 38. Qe6 Qc7+ 39. g3 Qc2+ 40. Re2 Qc6 41. Qf7 Nf6 42. Rf2 Ne4 43. Qf5+ Kb8 44. Qf4+ Kc8 45. Re2 Nd6 46. Re6 Qc2+ 47. Kg1 Qb1+ 48. Qf1 Qxf1+ 49. Kxf1 Kd7 50. Rg6 Rxe7 51. h4 a5 52. h5 Nf5 53. g4 Ne3+ 54. Kf2 a4 55. Rg5 b6 56. Rb5 Kc6 57. Rb1 Nxg4+ 58. Kg3 Nf6 59. Kh4 Rh7 60. Kg5 Rxh5+ 61. Kxf6 Rh2 62. Ke5 Rd2 63. Ke4 b5 0-1

[Event "GER-ch Net blitz qual5"]
[Site "Playchess.com INT"]
[Date "2020.03.28"]
[Round "4"]
[White "Hassemeier, Mika"]
[Black "Cofman, Veaceslav"]
[Result "0-1"]
[WhiteElo "2072"]
[BlackElo "2272"]
[PlyCount "134"]
[EventDate "2020.03.28"]
[EventType "swiss (blitz)"]
[EventRounds "13"]
[EventCountry "GER"]
[SourceTitle "CBM 195 Extra"]
[Source "ChessBase"]
[SourceDate "2020.05.31"]
[SourceVersion "1"]
[SourceVersionDate "2020.05.31"]
[SourceQuality "1"]

1. d4 Nf6 2. c4 c5 3. d5 e6 4. Nc3 exd5 5. cxd5 Bd6 6. g3 0-0 7. Bg2 Re8 8. Nf3 Bf8 9. 0-0 d6 10. Nd2 Nbd7 11. Nc4 Nb6 12. b3 Nxc4 13. bxc4 a6 14. h3 g6 15. Bb2 Bg7 16. Qc2 Bd7 17. a4 Bf5 18. Qb3 b6 19. Rfe1 Ne4 20. Nxe4 Bxe4 21. Bxg7 Kxg7 22. e3 Bxg2 23. Kxg2 Rb8 24. Reb1 Qf6 25. Qb2 Re5 26. a5 b5 27. cxb5 Rxb5 28. Qd2 Rxb1 29. Rxb1 Qf5 30. Qb2 Kh6 31. Qc1 Qe4+ 32. f3 Qd3 33. e4+ Kg7 34. Rb2 c4 35. Qc2 Qa3 36. Ra2 Qb4 37. Ra4 Qe1 38. Rxc4 Qxa5 39. f4 Re8 40. Qc3+ Qxc3 41. Rxc3 Ra8 42. Rc6 a5 43. Rxd6 a4 44. Rb6 a3 45. Rb1 a2 46. Ra1 f6 47. Kf3 Kf7 48. Ke3 Ke7 49. Kd4 Ra4+ 50. Kc3 Kd6 51. Kd3 f5 52. exf5 gxf5 53. Kc2 Kxd5 54. Kb2 Ke4 55. Re1+ Kf3 56. g4 a1Q+ 57. Rxa1 Rxa1 58. Kxa1 Kxf4 59. gxf5 Kxf5 60. Kb2 Kf4 61. Kc3 Kg3 62. Kd3 Kxh3 63. Ke2 Kg2 64. Ke1 h5 65. Ke2 h4 66. Ke3 h3 67. Kf4 h2 0-1

[Event "GER-ch Net blitz qual5"]
[Site "Playchess.com INT"]
[Date "2020.03.28"]
[Round "5"]
[White "Hassemeier, Mika"]
[Black "Wichmann, Cliff"]
[Result "0-1"]
[WhiteElo "2072"]
[BlackElo "2299"]
[PlyCount "146"]
[EventDate "2020.03.28"]
[EventType "swiss (blitz)"]
[EventRounds "13"]
[EventCountry "GER"]
[SourceTitle "CBM 195 Extra"]
[Source "ChessBase"]
[SourceDate "2020.05.31"]
[SourceVersion "1"]
[SourceVersionDate "2020.05.31"]
[SourceQuality "1"]

1. d4 d5 2. c4 e6 3. Nc3 Nf6 4. cxd5 exd5 5. Bg5 c6 6. e3 Qb6 7. Qb3 Qxb3 8. axb3 Be7 9. Bxf6 Bxf6 10. b4 0-0 11. Bd3 Re8 12. Nge2 b5 13. Kd2 Be7 14. Na2 Na6 15. Kc3 Bd7 16. Bc2 Bd6 17. Nec1 Nc7 18. Nd3 Ne6 19. Nc5 Nxc5 20. bxc5 Bc7 21. b4 a5 22. bxa5 Rxa5 23. Nb4 Rea8 24. Rxa5 Rxa5 25. g3 g6 26. Kb2 h5 27. f3 Kf8 28. e4 dxe4 29. fxe4 Bd8 30. Kb3 Be7 31. Rd1 Ke8 32. Bb1 Bg4 33. Rd2 Kd7 34. Nd3 Be6+ 35. Kb4 Ra4+ 36. Kc3 Rc4+ 37. Kb2 f6 38. Ne1 Kc7 39. Ba2 Rb4+ 40. Kc1 Bxa2 41. Rxa2 Rxd4 42. Ra7+ Kd8 43. Ra6 Kd7 44. Ra7+ Ke6 45. Ra6 Rc4+ 46. Kd2 Rxc5 47. Nd3 Rc4 48. Nf4+ Kf7 49. Ra7 g5 50. Nxh5 Ke6 51. Ng7+ Ke5 52. Rxe7+ Kd4 53. Nf5+ Kc5 54. Re6 b4 55. Ne7 Kb5 56. Nc8 Rd4+ 57. Ke3 c5 58. Nd6+ Ka4 59. Rxf6 b3 60. Nf5 b2 61. Ra6+ Kb5 62. Ra8 Rb4 63. Nd6+ Kc6 64. Ra6+ Kd7 65. e5 b1Q 66. Ra7+ Ke6 67. Nc8 Qb3+ 68. Kf2 Qc2+ 69. Kf3 Qe4+ 70. Kf2 Qf5+ 71. Ke3 Qxe5+ 72. Kd3 Rb3+ 73. Kc4 Qc3# 0-1